000 00155nam a22000857a 4500
082 _aPEA
100 _aPearson
245 _aTracts for computers
942 _cBK
999 _c15316
_d15316